000 00406nam a22001337a 4500
008 230623b xxu||||| |||| 00| 0 eng d
020 _a9966900993
082 _a330.
_bKWA 1997
245 _aPolicy Modelling in Agriculture: Testing the Response of Agriculture to Adjustment Policies in Nigeria
260 _bAfrican Economic Research Consortium
_c1997
300 _a51p
440 _n57
942 _2ddc
_cBK
999 _c2409
_d2409